K některým vývojovým tendencím v systému řízení a plánovaní socialistické ekonomiky

Guardado en:
Detalles Bibliográficos
Autor principal: Kroiher, Jaroslav
Formato: Libro
Lenguaje:checo
Publicado: Praha Ekonomický ústav ČSAV 1974
Etiquetas: Agregar Etiqueta
Sin Etiquetas, Sea el primero en etiquetar este registro!

MARC

LEADER 00000nam a2200000 4500
001 c120525
005 20041019155217.2
041 0 |a cze 
044 |a CZ 
245 1 0 |a K některým vývojovým tendencím v systému řízení a plánovaní socialistické ekonomiky  |c Jaroslav Kroiher 
264 1 |a Praha  |b Ekonomický ústav ČSAV  |c 1974 
300 |a 75 s. 
100 1 |a Kroiher, Jaroslav